header

Peripheral nerve and muscle disease (Record no. 66319)

MARC details
000 -LEADER
fixed length control field 01382nam a2200349Ia 4500
100 1# - MAIN ENTRY--AUTHOR NAME
Personal name Cohen, Jeffrey A.
245 10 - TITLE STATEMENT
Title Peripheral nerve and muscle disease
260 ## - PUBLICATION, DISTRIBUTION, ETC. (IMPRINT)
Place of publication Oxford ;
-- New York :
Name of publisher Oxford University Press,
Year of publication 2009.
300 ## - PHYSICAL DESCRIPTION
Number of Pages xiv, 184 p.
490 1# - SERIES STATEMENT
Series statement What do I do now
650 #0 - SUBJECT ADDED ENTRY--TOPICAL TERM
Topical Term Nerves, Peripheral
Topical Term Neuromuscular diseases
700 1# - ADDED ENTRY--PERSONAL NAME
Personal name Mowchun, Justin.
Personal name Grudem, Jon.
856 40 - ELECTRONIC LOCATION AND ACCESS
Uniform Resource Identifier http://site.ebrary.com/lib/rucke/Doc?id=10300126

No items available.

© 2026 Rongo University
Contact us: librarian | system librarian | Rongo university